Y2K Solutions for Microsoft Products/ (Record no. 14591)
[ view plain ]
| 000 -LEADER | |
|---|---|
| fixed length control field | 00896nam a22002297a 4500 |
| 008 - FIXED-LENGTH DATA ELEMENTS--GENERAL INFORMATION | |
| fixed length control field | 100803s1999mau|||||r|||| 001 0 eng d |
| 020 ## - INTERNATIONAL STANDARD BOOK NUMBER | |
| International Standard Book Number | 1886801347 |
| 082 ## - DEWEY DECIMAL CLASSIFICATION NUMBER | |
| Classification number | 005.16 |
| Item number | SOL |
| 110 ## - MAIN ENTRY--CORPORATE NAME | |
| 9 (RLIN) | 16987 |
| 245 ## - TITLE STATEMENT | |
| Title | Y2K Solutions for Microsoft Products/ |
| Statement of responsibility, etc | JD Consulting |
| 260 ## - PUBLICATION, DISTRIBUTION, ETC. (IMPRINT) | |
| Place of publication, distribution, etc | Rockland, Mass. : |
| Name of publisher, distributor, etc | Charles River Media, Inc. , |
| Date of publication, distribution, etc | 1999 |
| 300 ## - PHYSICAL DESCRIPTION | |
| Extent | 506 p. : |
| Other physical details | ill. ; |
| Dimensions | 22 cm. |
| 490 ## - Series Statement | |
| -- | 10362 |
| 500 ## - GENERAL NOTE | |
| General note | Includes index |
| 650 ## - SUBJECT ADDED ENTRY--TOPICAL TERM | |
| 9 (RLIN) | 16993 |
| Topical term or geographic name as entry element | Year 2000 date conversion (Computer systems) |
| 650 ## - SUBJECT ADDED ENTRY--TOPICAL TERM | |
| 9 (RLIN) | 16994 |
| Topical term or geographic name as entry element | Software maintenance |
| 650 ## - SUBJECT ADDED ENTRY--TOPICAL TERM | |
| 9 (RLIN) | 16995 |
| Topical term or geographic name as entry element | Microsoft software |
| 710 ## - ADDED ENTRY--CORPORATE NAME | |
| 9 (RLIN) | 16987 |
| Corporate name or jurisdiction name as entry element | JD Consulting |
| 942 ## - ADDED ENTRY ELEMENTS (KOHA) | |
| Source of classification or shelving scheme | Dewey Decimal Classification |
| Item type | Book - Borrowing |
| Withdrawn status | Item status | Source of classification or shelving scheme | Damaged status | Not for loan | Vendor | Home library | Current library | Shelving location | Date acquired | Source of acquisition | Total Checkouts | Full call number | Barcode | Date last seen | Koha item type | Materials specified (bound volume or other part) |
|---|---|---|---|---|---|---|---|---|---|---|---|---|---|---|---|---|
| Dewey Decimal Classification | Central Library | Central Library | Lower Floor | 03/08/2010 | 005.16 SOL | 000021651 | 15/07/2025 | Book - Borrowing | ||||||||
| Dewey Decimal Classification | Central Library | Central Library | Lower Floor | 04/11/2010 | 005.16 SOL | 000022502 | 24/08/2022 | Book - Borrowing | Lost In Inventory_2017-8-25 |